000 02146nam0a22003371 4500
001 v19\rc\1569847
005 20250618204616.0
035 _a(NLR Aleph) 004699377
090 _a4045742
_c4045742
100 _a20061002d1892 |||y0rusy50 ca
101 0 _arus
102 _aRU
105 _ay z |||||
200 1 _aК вопросу о влиянии серного эфира на усвоение жиров пищи у здоровых людей
_eДис. на степ. д-ра мед. П.В. Лиманова
210 _aСанкт-Петербург
_cтип. П.П. Сойкина
_d1892
215 _a30 с.
_d23
225 1 _aСерия диссертаций, допущенных к защите в Императорской Военно-медицинской академии в 1892-1893 учебном году
_v№ 2
316 _aЭкз. РНБ (18.309.1.488(алл. 2), 18.309.5.488(алл. 2)): приплетено к: Михайлов, Н.А. К вопросу об изменении лимфатических желез в так называемом струмозном бубоне при твердом шанкре. Спб., 1892
_5NLR: 18.309.1.488(алл. 2), 18.309.5.488(алл. 2)
320 _aБиблиогр. в примеч.
482 0 _12001#$aК вопросу об изменении лимфатических желез в так называемом струмозном бубоне при твердом шанкре
_1210##$aСанкт-Петербург$d1892
_1700#1$aМихайлов$bН.А.
_tК вопросу об изменении лимфатических желез в так называемом струмозном бубоне при твердом шанкре
_aМихайлов, Н.А.
700 1 _aЛиманов
_bП.В.
_f1857-
_gПетр Васильевич
801 0 _aRU
_bNLR
_gpsbo
801 0 _aRU
_bRuMoRGB
_2psbo
801 1 _aRU
_bProSoft-M
_2rusmarc
852 _aNLR
_j18.309.1.488(алл. 2)
852 _aNLR
_j18.309.5.488(алл. 2)
899 _aRuMoRGB
_jA 206/1072
899 _aRuMoRGB
_jФ 1-52/4590
899 _aБАН
942 _cBOOK
980 _aNB